Представление документа в формате RUSMARC

ПолеНазваниеЗначение
  Тип записи a
  Библиографический уровень m
001 Контрольный номер RU/УГОНБ/EK/67116
005 Дата корректировки 20260514100049.3
010 Индекс ISBN __
d Цена 14 к.
9 Тираж 5000 экз.
100 Данные общей обработки __
a Данные общей обработки 20260514d1968 u u0rusy0189 ca
101 Язык документа 0_
a Язык текста rus
102 Страна публикации __
a Страна публикации RU
105 Кодированные данные (монография) __
a Кодированные данные (монография) a z 000yy
200 Заглавие и сведения об ответственности 1_
a Заглавие Борцы за народное дело
f Первые сведения об ответственности И. П. Шпадарук
203 Вид содержания и тип средства __
a Вид содержания Текст
b Характеристика содержания визуальный
c Тип средства непосредственный
210 Выходные данные 1_
a Место издания Минск
c Издательство Беларусь
d Дата издания 1968
215 Физическое описание __
a Объем 110 с.
c Иллюстрации/тип воспроизводства ил.
d Формат 16 см
300 Общие примечания __
a Общие примечания Члены русские секции I Интернационала: Н. И. Утин, А. Д. Трусов, А. В. Корвин-Круковская, Е. Л. Дмитриева и Е. Г. Бартенева
601 Наименование организации как предмет 02
a Наименование организации как предмет Первый Интернационал
606 Тематические рубрики 0_
a Основная рубрика Революционное движение
y Географическая подрубрика Россия
z Хронологическая подрубрика 19 в.
610 Ключевые слова 0_
a Ключевые слова Интернационал I; революционное движение в России
686 Индексы других классификаций __
a Классификационный индекс 63.3(2)51-41
2 Код системы rubbk
686 Индексы других классификаций __
a Классификационный индекс 63.3(0)52-4
2 Код системы rubbk
700 Автор _1
a Фамилия Шпадарук
b Имя (инициалы) И. П.
g Полное личное имя Иван Павлович
801 Источник записи _0
a Страна RU
b Организация Ульяновская ОНБ
c Дата составления 20260514
g Правила каталогизации RCR
801 Источник записи _1
a Страна RU
b Организация Ульяновская ОНБ
c Дата составления 20260514
g Правила каталогизации RCR
901 Тип документа __
t Тип документа m
909 Создатель записи __
a Создатель записи Горбункова
b Дата создания записи 20260514